000 00456nam a2200181Ia 4500
001 17421
005 20260306171516.0
008 260306s9999||||xx |||||||||||||| ||und||
041 _aESP
082 _a658
_bA67
100 _aArbaiza Fermini, Lydia
_eAUT
245 0 _aAdministración y organización:
_bun enfoque contemporaneo
260 _c2014
300 _a299 páginas :
_c27 cm.
650 _aGEN
654 _aCAN
942 _cLIB
_dJUS
_fJUS
_2ddc
_n
999 _c17421
_d17421